| 000 | 01641cam a22004094a 4500 | ||
|---|---|---|---|
| 001 | 14692212 | ||
| 003 | OSt | ||
| 005 | 20140310182734.0 | ||
| 008 | 070108s2008 maua b 001 0 eng | ||
| 010 | _a 2007000616 | ||
| 016 | 7 |
_a101296796 _2DNLM |
|
| 020 | _a9780763749750 | ||
| 020 | _a9789715847056 | ||
| 035 | _a(OCoLC)ocm77830263 | ||
| 035 |
_a(OCoLC)77830263 _z(OCoLC)148872310 |
||
| 040 |
_aDNLM/DLC _cDLC _dBTCTA _dBAKER _dNLM _dC#P _dYDXCP _dDLC |
||
| 042 | _apcc | ||
| 050 | 0 | 0 |
_aRT 71 _b.C538 2008 |
| 100 | 1 | _aClark, Carolyn Chambers. | |
| 245 | 1 | 0 |
_aClassroom skills for nurse educators / _cCarolyn Chambers Clark. |
| 260 |
_aSudbury, Mass. : _bJones and Bartlett Publishers, _c2008. |
||
| 300 |
_axi, 417 p. : _bill. ; _c23 cm. |
||
| 504 | _aIncludes bibliographical references and index. | ||
| 505 | 0 | _aChallenges for the nurse educator -- Effective learning systems -- Role playing, simulations, and simulation gaming -- Group methods and peer learning -- Value clarification, perception exercises, journal writing, and poetry -- Individualized learning, self-instruction, and media use. | |
| 521 | _aNUR | ||
| 562 | _eFor Circulation. 1 copy in the Collection | ||
| 650 | 0 |
_aNursing _xStudy and teaching. |
|
| 650 | 1 | 2 | _aEducation, Nursing. |
| 650 | 2 | 2 | _aLearning. |
| 650 | 2 | 2 |
_aTeaching _xmethods. |
| 856 | 4 | 1 |
_3Table of contents only _uhttp://www.loc.gov/catdir/toc/ecip078/2007000616.html |
| 906 |
_a7 _bcbc _corignew _d1 _eecip _f20 _gy-gencatlg |
||
| 942 |
_2lcc _cBK _kFOR |
||
| 999 |
_c15495 _d15495 |
||